Kinematika obrábacích strojov
Salvato in:
| Autore principale: | |
|---|---|
| Altri autori: | |
| Natura: | Manoscritto Libro |
| Lingua: | slovacco |
| Pubblicazione: |
2017
|
| Soggetti: | |
| Accesso online: | http://is.stuba.sk/zp/portal_zp.pl?podrobnosti=115213 |
| Tags: |
Nessun Tag, puoi essere il primo ad aggiungerne!!
|
MARC
| LEADER | 00000ntm a22000003a 4500 | ||
|---|---|---|---|
| 001 | stuzp62701 | ||
| 003 | SK-STU | ||
| 005 | 20170624211736.5 | ||
| 007 | ta | ||
| 008 | 150427s2015----xo-----f-mn---000-0-slo-d | ||
| 040 | |a STU |b slo | ||
| 041 | 0 | |a slo | |
| 100 | 1 | |a Bačová, Denisa |u 063000 |4 aut |U MTF Materiálovotechnologická fakulta |T MTF Ústav výrobných technológií |X 73530 |U M3000 |Y 83 |7 73530 | |
| 242 | 0 | 1 | |a Kinematics of CNC machines |y eng |
| 245 | 1 | 0 | |a Kinematika obrábacích strojov |
| 260 | |c 2017 | ||
| 650 | 4 | |a kinematika |2 slo | |
| 650 | 4 | |a štruktúry |2 slo | |
| 650 | 4 | |a frézovanie |2 slo | |
| 650 | 4 | |a CNC |2 slo | |
| 650 | 4 | |a milling |2 eng | |
| 650 | 4 | |a kinematic |2 eng | |
| 650 | 4 | |a CNC |2 eng | |
| 650 | 4 | |a structures |2 eng | |
| 700 | 1 | |a Pokorný, Peter |u 063000 |k Z1 |4 ths |U MTF Materiálovotechnologická fakulta |T MTF Ústav výrobných technológií |X 2771 |U M3000 |Y 83 |7 A000002771 | |
| 856 | 4 | |u http://is.stuba.sk/zp/portal_zp.pl?podrobnosti=115213 | |
| 996 | |c M* BP-8085 |l MMSKP |s P |a 0 |w stuzp62701_0001 | ||